<?xml version="1.0" encoding="UTF-8"?>
<record
    xmlns:xsi="http://www.w3.org/2001/XMLSchema-instance"
    xsi:schemaLocation="http://www.loc.gov/MARC21/slim http://www.loc.gov/standards/marcxml/schema/MARC21slim.xsd"
    xmlns="http://www.loc.gov/MARC21/slim">

  <leader>00696cam a22001811  4500</leader>
  <controlfield tag="001">map44000111 </controlfield>
  <controlfield tag="003">DLC</controlfield>
  <controlfield tag="005">20260227111555.0</controlfield>
  <controlfield tag="008">770317s1873    iluab         00010 eng  </controlfield>
  <datafield tag="010" ind1=" " ind2=" ">
    <subfield code="a">map44000111 //r922</subfield>
  </datafield>
  <datafield tag="040" ind1=" " ind2=" ">
    <subfield code="a">DLC</subfield>
    <subfield code="c">CtY</subfield>
    <subfield code="d">DLC</subfield>
  </datafield>
  <datafield tag="110" ind1="1" ind2="0">
    <subfield code="a">Everts, Baskin and Stewart.</subfield>
  </datafield>
  <datafield tag="245" ind1="0" ind2="0">
    <subfield code="a">Combination atlas map of Rock county, Wisconsin.</subfield>
    <subfield code="c">Compiled, drawn and published from personal examinations and surverys, by Everts, Baskin and Stewart.</subfield>
  </datafield>
  <datafield tag="260" ind1="0" ind2=" ">
    <subfield code="a">Chicago, Ill.,</subfield>
    <subfield code="c">1873.</subfield>
  </datafield>
  <datafield tag="300" ind1=" " ind2=" ">
    <subfield code="a">92 (i.e. 93) numb. l. (2 fold.), 93-105 p.</subfield>
    <subfield code="b">incl. 25 col. maps, illus.</subfield>
    <subfield code="c">44 x 36 cm.</subfield>
  </datafield>
  <datafield tag="651" ind1=" " ind2="0">
    <subfield code="a">Rock County (Wis.)</subfield>
    <subfield code="x">Maps.</subfield>
  </datafield>
  <datafield tag="650" ind1=" " ind2="0">
    <subfield code="a">Real property</subfield>
    <subfield code="z">Wisconsin</subfield>
    <subfield code="z">Rock County</subfield>
    <subfield code="x">Maps.</subfield>
  </datafield>
  <datafield tag="999" ind1=" " ind2=" ">
    <subfield code="c">37781</subfield>
    <subfield code="d">37781</subfield>
  </datafield>
</record>
